01443nam a2200337Ia 4500001001200000003000800012006001900020007001500039008004100054010001700095020001500112020002500127020002600152040002100178035002100199050002400220100002200244245009800266260013500364300001500499504006600514533015200580650005900732650005700791650003600848650003400884655002900918710001700947856012600964999001501090ebr10696144CaPaEBRm u cr cn|||||||||090710s2009 enk sb 001 0 eng d z 2009287877 z1904380514 z9781904380511 (pbk.) z9781906534790 (ebook) aCaPaEBRcCaPaEBR a(OCoLC)66690252114aKD7876b.H67 2009eb1 aHostettler, John.12aA history of criminal justice in England and Walesh[electronic resource] /cJohn Hostettler. aHook, Hampshire :bWaterside Press ;aPortland, Or. :bNorth American distributor, International Specialised Book Services,c2009. ax, 347 p.  aIncludes bibliographical references (p. [311]-320) and index. aElectronic reproduction.bPalo Alto, Calif. :cebrary,d2013.nAvailable via World Wide Web.nAccess may be limited to ebrary affiliated libraries. 0aCriminal justice, Administration ofzEnglandxHistory. 0aCriminal justice, Administration ofzWalesxHistory. 0aCriminal lawzEnglandxHistory. 0aCriminal lawzWalesxHistory. 7aElectronic books.2local2 aebrary, Inc.40uhttp://site.ebrary.com/lib/rucke/Doc?id=10696144zAn electronic book accessible through the World Wide Web; click to view c8617d8617